00844nam a2200253 450000100060000000300080000600500170001400800410003102000150007203500190008704000330010604100080013908200200014710000390016724500480020626000310025430000550028550000290034050400270036965000310039694200120042799900170043995201340045631458BD-RjUL20211209051714.0140416s1967 enkab 00110 eng  a0600000427 a(BD-RjUL)31546 cWaSpCoaWaSpCobengdBD-RjUL aeng a299.6bPAA 196710aParrinder, Geoffrey,d1910-99571110aAfrican mythology /cby Geoffrey Parrinder.0 aLondon :bHamlyn,cc 1967. a5-141 p. :billus. (incl. 27 col.), map. ;c29 cm. aIllus. on lining papers. aBibliography: p. [140] 0aMythology, African.995712 2ddccBK c31458d31458 00102ddc4071aRUCLbRUCLcReadingd1970-01-30eLondon Bookg14.00l0o299.6 PAA 1967r2014-04-16 00:00:00tC-1w2014-04-16yBK